| 000 | 00427nam a22001697a 4500 | ||
|---|---|---|---|
| 005 | 20251208155303.0 | ||
| 008 | 251208b |||||||| |||| 00| 0 eng d | ||
| 037 | _cTB | ||
| 040 |
_aAL _cAL |
||
| 041 |
_2URD _aURD |
||
| 100 |
_aSiddiqui, Waheed Anwar _9855287 |
||
| 245 | _aKahaniyan | ||
| 260 | _c1985. | ||
| 300 | _a909p. | ||
| 942 |
_2CC _cTB _n0 |
||
| 999 |
_c1466040 _d1466040 |
||